Подробности
| 000 -МАРКЕР |
| контрольное поле |
01816nam0a22003251 4500 |
| 001 - ИДЕНТИФИКАТОР ЗАПИСИ |
| контрольное поле |
v19\rc\2088023 |
| 005 - ИДЕНТИФИКАТОР ВЕРСИИ |
| контрольное поле |
20260406142144.0 |
| 035 ## - ДРУГИЕ СИСТЕМНЫЕ НОМЕРА |
| Идентификатор записи |
(NLR Aleph) 005276725 |
| 100 ## - ДАННЫЕ ОБЩЕЙ ОБРАБОТКИ |
| Данные общей обработки |
20081218d1913 |||y0rusy50 ca |
| 101 0# - ЯЗЫК РЕСУРСА |
| Язык текста, звукозаписи и т.д. |
русский |
| 102 ## - СТРАНА ПУБЛИКАЦИИ ИЛИ ПРОИЗВОДСТВА |
| Страна публикации |
Российская Федерация |
| 105 ## - ПОЛЕ КОДИРОВАННЫХ ДАННЫХ: ТЕКСТОВЫЕ МАТЕРИАЛЫ, МОНОГРАФИЧЕСКИЕ |
| Кодированные данные о монографическом текстовом документе |
y z ||||| |
| 200 1# - ЗАГЛАВИЕ И СВЕДЕНИЯ ОБ ОТВЕТСТВЕННОСТИ |
| Основное заглавие |
Александровская эпоха |
| Сведения, относящиеся к заглавию |
Пушкин, Гоголь, Лермонтов, Кольцов и Белинский |
| Первые сведения об ответственности |
А. Липовский и Д. Жохов |
| 205 ## - СВЕДЕНИЯ ОБ ИЗДАНИИ |
| Сведения об издании |
2-е изд., испр. |
| 210 ## - ПУБЛИКАЦИЯ, РАСПРОСТРАНЕНИЕ И ДР. |
| Место издания, распространения и т.д. |
Санкт-Петербург |
| -- |
Киев |
| Имя издателя, распространителя и т. д. |
Сотрудник |
| Дата издания, распространения и т.д. |
1913 |
| 215 ## - ФИЗИЧЕСКАЯ ХАРАКТЕРИСТИКА |
| Специфическое обозначение материала и объем |
IV, 339 с. |
| Размеры |
23 |
| 225 1# - СЕРИЯ |
| Основное заглавие серии |
Очерки по истории русской литературы |
| Сведения, относящиеся к заглавию |
Девятнадцатый век |
| Сведения об ответственности |
Проф. А. Бороздин, А. Липовский, Д. Жохов [и др.] |
| Обозначение тома |
Вып. 1 |
| 700 #1 - ИМЯ ЛИЦА - ПЕРВИЧНАЯ ОТВЕТСТВЕННОСТЬ |
| Материалы, к которым относится поле |
rus |
| Графика поля |
Кириллица |
| Начальный элемент ввода |
Липовский |
| Часть имени, кроме начального элемента ввода |
А. Л. |
| Даты |
1867-1942 |
| Расширение инициалов личного имени |
Александр Лаврентьевич |
| Идентификатор авторитетной/нормативной записи |
RU\NLR\AUTH\7785745 |
| Системный номер авторитетной/нормативной записи |
68673 |
| 701 #1 - ИМЯ ЛИЦА - АЛЬТЕРНАТИВНАЯ ОТВЕТСТВЕННОСТЬ |
| Материалы, к которым относится поле |
rus |
| Графика поля |
Кириллица |
| Начальный элемент ввода |
Жохов |
| Часть имени, кроме начального элемента ввода |
Д. П. |
| Даты |
1881- |
| Расширение инициалов личного имени |
Дмитрий Павлович |
| Идентификатор авторитетной/нормативной записи |
RU\NLR\AUTH\7783970 |
| Системный номер авторитетной/нормативной записи |
66898 |
| 702 #1 - ИМЯ ЛИЦА - ВТОРИЧНАЯ ОТВЕТСТВЕННОСТЬ |
| Код отношения |
Прочие |
| Материалы, к которым относится поле |
rus |
| Графика поля |
Кириллица |
| Начальный элемент ввода |
Пушкин |
| Часть имени, кроме начального элемента ввода |
А. С. |
| Дополнения к именам, кроме дат |
поэт |
| Даты |
1799-1837 |
| Расширение инициалов личного имени |
Александр Сергеевич |
| Идентификатор авторитетной/нормативной записи |
RU\NLR\AUTH\77386 |
| Системный номер авторитетной/нормативной записи |
110441 |
| 702 #1 - ИМЯ ЛИЦА - ВТОРИЧНАЯ ОТВЕТСТВЕННОСТЬ |
| Код отношения |
Прочие |
| Материалы, к которым относится поле |
rus |
| Графика поля |
Кириллица |
| Начальный элемент ввода |
Гоголь |
| Часть имени, кроме начального элемента ввода |
Н. В. |
| Даты |
1809-1852 |
| Расширение инициалов личного имени |
Николай Васильевич |
| Идентификатор авторитетной/нормативной записи |
RU\NLR\AUTH\773480 |
| Системный номер авторитетной/нормативной записи |
113476 |
| 702 #1 - ИМЯ ЛИЦА - ВТОРИЧНАЯ ОТВЕТСТВЕННОСТЬ |
| Код отношения |
Прочие |
| Материалы, к которым относится поле |
rus |
| Графика поля |
Кириллица |
| Начальный элемент ввода |
Лермонтов |
| Часть имени, кроме начального элемента ввода |
М. Ю. |
| Дополнения к именам, кроме дат |
поэт |
| Даты |
1814-1841 |
| Расширение инициалов личного имени |
Михаил Юрьевич |
| Идентификатор авторитетной/нормативной записи |
RU\NLR\auth\77328 |
| Системный номер авторитетной/нормативной записи |
110383 |
| 702 #1 - ИМЯ ЛИЦА - ВТОРИЧНАЯ ОТВЕТСТВЕННОСТЬ |
| Код отношения |
Прочие |
| Материалы, к которым относится поле |
rus |
| Графика поля |
Кириллица |
| Начальный элемент ввода |
Кольцов |
| Часть имени, кроме начального элемента ввода |
А. В. |
| Расширение инициалов личного имени |
Алексей Васильевич |
| Даты |
1809-1842 |
| Идентификатор авторитетной/нормативной записи |
RU\NLR\AUTH\7729713 |
| Системный номер авторитетной/нормативной записи |
12741 |
| 801 #0 - ИСТОЧНИК ЗАПИСИ |
| Страна |
Российская Федерация |
| Организация |
NLR |
| Дата составления |
20081218 |
| Правила каталогизации |
psbo |
| 801 #1 - ИСТОЧНИК ЗАПИСИ |
| Страна |
Российская Федерация |
| Организация |
ProSoft-M |
| Дата составления |
20081218 |
| Источник данных |
rusmarc |
| 801 #2 - ИСТОЧНИК ЗАПИСИ |
| Страна |
Российская Федерация |
| Организация |
NLR |
| Дата составления |
20100215 |
| Источник данных |
rusmarc |
| 852 ## - МЕСТОНАХОЖДЕНИЕ И ШИФР ХРАНЕНИЯ |
| Идентификатор организации |
NLR |
| Шифр хранения (Call Number) |
92-5/962 |
| 942 ## - ДОПОЛНИТЕЛЬНЫЕ ЭЛЕМЕНТЫ ЗАПИСИ (АБИС) |
| Тип экземпляра АБИС |
Книга |
| 980 ## - КОЛЛЕКЦИЯ |
| Название коллекции |
Национальная библиография |